| 000 | 00691nam a2200229 i 4500 | ||
|---|---|---|---|
| 999 |
_c43334 _d43334 |
||
| 001 | 1761155 | ||
| 005 | 20180914083922.0 | ||
| 008 | 761210s1976 ilua b 001 0 eng | ||
| 010 | _a 76012299 | ||
| 020 |
_a0877847789 : _c$3.95 |
||
| 040 |
_aDLC _cDLC _dDLC |
||
| 100 | 1 |
_aJeeves, Malcolm A., _d1926- |
|
| 245 | 1 | 0 |
_aPsychology & Christianity : _bthe view both ways / _cMalcolm A. Jeeves. |
| 260 |
_aDowners Grove, Ill. : _bInterVarsity Press, _cc1977. |
||
| 300 |
_a177 p. : _bill. ; _c21 cm. |
||
| 336 | _atext | ||
| 337 | _aunmediated | ||
| 338 | _avolume | ||
| 504 | _aIncludes bibliographical references and indexes. | ||
| 650 | 0 |
_aChristianity _xPsychology. |
|
| 942 |
_2lcc _cBK |
||